Bears: (Record no. 6342)

MARC details
000 -LEADER
fixed length control field 01065nam a22002897a 4500
001 - CONTROL NUMBER
control field 6342
003 - CONTROL NUMBER IDENTIFIER
control field FISKH
005 - DATE AND TIME OF LATEST TRANSACTION
control field 20250423092848.0
008 - FIXED-LENGTH DATA ELEMENTS--GENERAL INFORMATION
fixed length control field 250423b cb ||||| |||| 00| 0 eng d
020 ## - INTERNATIONAL STANDARD BOOK NUMBER
International Standard Book Number 9781550743555
040 ## - CATALOGING SOURCE
Original cataloging agency FISKH
Language of cataloging eng
Transcribing agency FISKH
Modifying agency FISKH
050 ## - LIBRARY OF CONGRESS CALL NUMBER
Classification number H688
082 ## - DEWEY DECIMAL CLASSIFICATION NUMBER
Classification number 599.78
100 ## - MAIN ENTRY--PERSONAL NAME
Personal name Hodge, Deborah
245 ## - TITLE STATEMENT
Title Bears:
Remainder of title Polar bears, black bears and Grizzly bears /
Statement of responsibility, etc. Written by Deborah Hodge ; Illustrated by Pat Stephens
250 ## - EDITION STATEMENT
Edition statement First U.S. edition 1997
260 ## - PUBLICATION, DISTRIBUTION, ETC.
Place of publication, distribution, etc. Toronto :
Name of publisher, distributor, etc. Kids Cat Press,
Date of publication, distribution, etc. 1996.
300 ## - PHYSICAL DESCRIPTION
Extent 32 pages :
Other physical details color illustrations ;
Dimensions 26 cm
505 ## - FORMATTED CONTENTS NOTE
Formatted contents note P<br/>
520 ## - SUMMARY, ETC.
Summary, etc. Provides information about the three species of North American bears--polar bears, black bears, and grizzlies--discussing fourteen topics including where they live, how they give birth and raise their cubs, and what they eat.
521 8# - TARGET AUDIENCE NOTE
Target audience note 620<br/>
Source Lexile IG <br/>
521 8# - TARGET AUDIENCE NOTE
Target audience note P<br/>
Source Raz-Plus<br/>
650 ## - SUBJECT ADDED ENTRY--TOPICAL TERM
Topical term or geographic name entry element Black bear
Form subdivision Animals
General subdivision Bears
700 ## - ADDED ENTRY--PERSONAL NAME
Personal name Stephens, Pat
Relator term Illustrator
942 ## - ADDED ENTRY ELEMENTS (KOHA)
Source of classification or shelving scheme Dewey Decimal Classification
Koha item type Books
Suppress in OPAC No
Holdings
Withdrawn status Lost status Source of classification or shelving scheme Damaged status Not for loan Collection Home library Current library Shelving location Date acquired Total Checkouts Full call number Barcode Date last seen Copy number Price effective from Koha item type
    Dewey Decimal Classification     Non-Fiction Footprints International School Library Network Toul Kork Campus Footprints International School Library Network Toul Kork Campus TK Primary Library Room(4th Floor), Bookcase 3&4, Shelves 17-32, Yellow Books 04/23/2025   HOD 599.78 H688 FISTK00762 04/23/2025 1 04/23/2025 Books